000 00602nam a22002177a 4500
001 00028677
005 20260330115257.0
008 260330b ag ||||| |||| 00| 0 spa d
020 _a9505119208
040 _aAR-CcCEOS
_bspa
_cAR-CcCEOS
041 _aspa
080 _a860-3(72)
090 _bFUE
100 1 _aFuentes, Carlos,
_d1928-2012
_9994
245 _aInquieta compañía /
_cCarlos Fuentes
250 _a1ª ed.
260 _aBuenos Aires :
_bAguilar, Altea, Taurus, Alfaguara,
_cc2004.
300 _a287 p. ;
_c24x15 cm.
655 0 _aliteratura
_919
_vnovela
942 _2udc
_cBK
_n0
999 _c28710
_d28710